000 00702nam a2200241Ia 4500
003 OSt
005 20220923223505.0
006 a|||||r|||| 00| 0
007 ta
008 220922b |||||||| |||| 00| 0 hin d
024 _a217,717
037 _cTextual
040 _aARTS
_cARTS
_bhin
041 _2hin
_ahin
082 _aO152,1AGNx, M3
100 _aअग्निदूत
_9156277
245 0 _aअगली सुबह के नाम
246 _aAgalī subah ke nāma
260 _aहैदराबाद
_b दक्षिणायन
_c1983
300 _a60i`
_ccm.
942 _hO152,1AGNx, M3
_cTEXL
_2CC
999 _c365692
_d365692